Un matrimonio conveniente: el género y la educación /

Desde algunos de los feminismos se han realizado propuestas para la articulación del género en la educación. Dichos planteamientos iluminan la propuesta de equidad de género como un proceso que garantice el acceso de las mujeres y los hombres a un conjunto de saberes, habilidades y destrezas que les...

Ful tanımlama

Detaylı Bibliyografya
Yazar: Araya Umaña, Sandra
Materyal Türü: Makale
Dil:İspanyolca
Baskı/Yayın Bilgisi: San José, Costa Rica : Editorial Universidad de Costa Rica, 2003
Konular:

MARC

LEADER 00000nab a2200000 4500
005 20150917155041.0
008 150903b2003 cr f|||| |||| 00| 0 spa d
090 |a REVIS 06.02.01 
100 1 |9 944  |a Araya Umaña, Sandra 
245 1 3 |a Un matrimonio conveniente: el género y la educación /  |c Sandra Araya Umaña 
260 |a San José, Costa Rica :  |b Editorial Universidad de Costa Rica,  |c 2003 
300 |a páginas 11-25 
520 |a Desde algunos de los feminismos se han realizado propuestas para la articulación del género en la educación. Dichos planteamientos iluminan la propuesta de equidad de género como un proceso que garantice el acceso de las mujeres y los hombres a un conjunto de saberes, habilidades y destrezas que les permitan estar en mejores y más iguales condiciones de vida. La educación constituye uno de los vehiculos para promover la equidad entre las mujeres y los hombres. Para ello, es imperioso que desde los procesos de formación docente se incorpore un saber dialógico que promueva, en el futuro profesorado, el potencial para la reinterpretación de los contenidos hegemónicos de género y con ello facilitar la introducción de cambios en su práctica laboral y personal 
650 1 4 |9 1  |a EDUCACIÓN 
773 0 |d San José, Costa Rica : Editorial de la Universidad de Costa Rica, 1997-  |o R0202  |t EDUCACIÓN: Revista de la Universidad de Costa Rica  |g Vol.27, no.2 (2003) 
942 |h REVIS 06.02.01   |2 z  |c 10 
999 |c 2851  |d 2851